World Resources 2000-2001:people and ecosystems, (Record no. 6156)

MARC details
000 -LEADER
fixed length control field 00615nam a22002057a 4500
003 - CONTROL NUMBER IDENTIFIER
control field OSt
005 - DATE AND TIME OF LATEST TRANSACTION
control field 20210407161653.0
008 - FIXED-LENGTH DATA ELEMENTS--GENERAL INFORMATION
fixed length control field 181004b xxu||||| |||| 00| 0 eng d
020 ## - INTERNATIONAL STANDARD BOOK NUMBER
International Standard Book Number 1569734437
040 ## - CATALOGING SOURCE
Transcribing agency DDC.
082 ## - DEWEY DECIMAL CLASSIFICATION NUMBER
Classification number 577 WOR 2000
100 ## - MAIN ENTRY--PERSONAL NAME
Personal name UNDP
9 (RLIN) 12713
245 ## - TITLE STATEMENT
Title World Resources 2000-2001:people and ecosystems,
Remainder of title the fraying web of life:
260 ## - PUBLICATION, DISTRIBUTION, ETC. (IMPRINT)
Place of publication, distribution, etc. Wahington,DC;World Resources Institute,2000.
300 ## - PHYSICAL DESCRIPTION
Extent ix,389p;
Other physical details ill;
Dimensions 26cm.
504 ## - BIBLIOGRAPHY, ETC. NOTE
Bibliography, etc Acronyms,Acknowledgement,references and index are included.
650 ## - SUBJECT ADDED ENTRY--TOPICAL TERM
Topical term or geographic name as entry element Ecosystems.
9 (RLIN) 12714
650 ## - SUBJECT ADDED ENTRY--TOPICAL TERM
Topical term or geographic name as entry element Ecology
9 (RLIN) 544
942 ## - ADDED ENTRY ELEMENTS (KOHA)
Source of classification or shelving scheme Dewey Decimal Classification
Koha item type Open Shelf
Holdings
Withdrawn status Lost status Source of classification or shelving scheme Damaged status Not for loan Home library Current library Date acquired Source of acquisition Inventory number Total Checkouts Full call number Barcode Date last seen Price effective from Koha item type
    Dewey Decimal Classification     MUST Main Library MUST Main Library 04/10/2018   03/19082   577 WOR 2000 2018-0372 04/10/2018 04/10/2018 Open Shelf
    Dewey Decimal Classification     MUST Main Library MUST Main Library 20/05/2021 Purchase 03/19085   577 WOR 2000 2021-0583 20/05/2021 20/05/2021 Open Shelf